Statistiques concernant Drapeaux en formes de Pays #7

Cliquez ici pour prendre le quiz!

Statistiques générales

  • Ce quiz a été pris 19 952 fois
  • Le résultat moyen est 11 sur 16

Statistiques - réponses

Réponse% Correct
Portugal
99%
Macédoine du Nord
88%
Autriche
87%
Colombie
87%
Estonie
86%
Géorgie
86%
Thaïlande
80%
Afghanistan
71%
Tchad
70%
Bénin
67%
République Dominicaine
64%
Soudan
57%
Botswana
55%
Lesotho
53%
Grenade
35%
Maldives
34%

Distribution des résultats

Percentile par nombre de réponses

% des personnes avec chaque résultat

Votre développement - résultats

Vous n’avez pas pris ce quiz